Normal view
MARC view
Entry Personal Name
001 - CONTROL NUMBER
- control field: 40649
003 - CONTROL NUMBER IDENTIFIER
- control field: ARRUPE
005 - DATE AND TIME OF LATEST TRANSACTION
- control field: 20180315114827.0
008 - FIXED-LENGTH DATA ELEMENTS
- fixed length control field: 180315|| aca||aabn | a|a d
040 ## - CATALOGING SOURCE
- Original cataloging agency: ARRUPE
- Transcribing agency: ARRUPE
100 ## - HEADING--PERSONAL NAME
- Personal name: Liddel, Robert
- Relator term: ed.
670 ## - SOURCE DATA FOUND
- Source citation: Work cat.: (ARRUPE)127652: Booth, Wayne C. 40648, Robert Liddell on the Novel with an introduction, 1969